Stacje i przystanki osobowe na trasie Przemyśl - Rzeszów - Statystyki

Ogólne statystyki
  • Ten quiz został rozwiązany 179 razy
    33 od ostatniego zresetowania
  • Średni wynik to 12 z 23
Statystyki odpowiedzi
Nazwa stacji/przystanku % Poprawnych
Przemyśl Główny
97%
Rzeszów Główny
97%
Jarosław
90%
Łańcut
87%
Przeworsk
87%
Przemyśl Zasanie
71%
Radymno
65%
Żurawica Osobowa
55%
Żurawica Rozrządowa
55%
Munina
48%
Rzeszów Załęże
45%
Sośnica Jarosławska
42%
Ostrów k/ Radymna
39%
Walawa
39%
Pełkinie
35%
Rogóżno k/ Łańcuta
35%
Rzeszów Pobitno
35%
Strażów
35%
Niziny
32%
Krzemienica
29%
Grzęska
26%
Głuchów
19%
Kosina
19%
Nie znaleziono quizów pasujących do podanych kryteriów
Rozkład punktacji
Procent ludzi z każdym wynikiem
Percentyl według liczby udzielonych odpowiedzi
Twoja historia wyników
Nie rozwiązałeś tego quizu od ostatniego zresetowania